• 首页
  • 本馆介绍
  • 公告通知
  • 最新文献
  • 馆藏检索
  • 电子资源
  • 读者导购
  • 参考咨询
  • 我的图书馆
  • 登录
  • 详细信息显示
  • 放入我的书架
  • 预约/预借图书
  • 作者相关作品
  • 分类相关作品
  • 丛书相关作品
  • 出版社相关作品

书目信息

  • 表格格式
  • 工作单格式
  • 卡片格式
题名:
基础化学
    
 
作者: 揭念芹 主编
分册:   无机及分析化学
出版信息: 北京   科学出版社  2007.07
页数: 19,532页
开本: 24cm
丛书名:
单 册:
中图分类: O6 , O61 , O65
科图分类:
主题词: 化学--高等教育--教材 , 无机化学--高等教育--教材 , 分析化学--高等教育--教材 , 化学 , 无机化学 , 分析化学
电子资源:
ISBN: 978-7-03-019152-6
000 01025nam0 2200337 450
001 003540193
005 20140611152851.43
010    @a978-7-03-019152-6@dCNY52.00
100    @a20121008e20112007em y0chiy50 ea
101 0  @achi
102    @aCN@b110000
105    @aak z 000yy
106    @ar
200 1  @a基础化学@9ji chu hua xue@i无机及分析化学@f揭念芹主编
205    @a2版
210    @a北京@c科学出版社@d2007.07@h2011.07重印
215    @a19,532页@c图@d24cm
300    @a普通高等教育“十一五”国家级规划教材
330    @a本书内容包括:原子结构、分子结构、溶液和胶体、化学热力学基础、四大化学平衡及四种化学滴定分析法、化学热力学基础和仪器分析法等。
606 0  @a化学@x高等教育@j教材
606 0  @a无机化学@x高等教育@j教材
606 0  @a分析化学@x高等教育@j教材
606 0  @a化学
606 0  @a无机化学
606 0  @a分析化学
690    @aO6@v5
690    @aO61@v5
690    @aO65@v5
701  0 @a揭念芹@9jie nian qin@4主编
801  0 @aCN@bRENTIAN@c20121008
905    @b549299-301@dO6@e440=2@f3
    
    基础化学.无机及分析化学/揭念芹主编.-2版.-北京:科学出版社,2007.07(2011.07重印)
    19,532页:图;24cm
    普通高等教育“十一五”国家级规划教材
    
    ISBN 978-7-03-019152-6:CNY52.00
    本书内容包括:原子结构、分子结构、溶液和胶体、化学热力学基础、四大化学平衡及四种化学滴定分析法、化学热力学基础和仪器分析法等。
●
相关链接 在E读中查询图书 在五车中查询图书 在当当中查询图书 在豆瓣中查询图书


正题名:基础化学     索取号:O6/440=2         预约/预借

序号 登录号 条形码 馆藏地/架位号 状态 备注
1 549299   205492992   第二样本阅览室/ [索取号:O6/440=2] 在馆    
2 549300   205493009   第三借阅区/ [索取号:O6/440=2] 在馆    
3 549301   205493018   化学系资料室/ [索取号:O6/440=2] 在馆    
唐山师范学院图书馆 欢迎您!
大连网信软件有限公司© 版权所有